000 01100 a2200217 4500
001 61963
005 20260407155912.0
008 260407a1994 arg spa d
003 AR-UNSa-BCEJYS
040 _aAR-UNSa-BCEJYS
_bspa
_cAR-UNSa-BCEJYS
080 _a343.8
_xCondena. Ejecución de la sentencia. Cumplimiento de la pena. Prevención del delito (Instituciones penitenciarias)
245 1 0 _aLa sentencia civil
_pTemas y variaciones
020 _a978-950-536-062-8
264 1 _aLa Plata :
_bEditora Platense
_c1994
300 _axxi, 141 p.
_c23 cm.
505 _a1. La sentencia y el proceso - 2. Algunas dificultades y limitaciones – 3. Estructura de la sentencia – 4. La naturaleza de la fundamentación – 5. Las funciones de la fundamentación – 6. Caracteres formales de la fundamentación – 7. Contenido de la fundamentación - 8. Los modelos valorativos – legal standards of conduct – y su aplicación en la sentencia – 9. El estilo de la sentencia.
041 _aspa
942 _cBK
590 _aniveau_biblio:m niveau_hierar:0
100 1 _aFrondizi, Román Julio
999 _c7503
_d7503